000 01809nam2a2200289 4500
001 RU\NLR\BIBL_A\011198737
005 20250625214940.0
035 _a(NLR Aleph) 011198737
090 _a11908319
_c11908319
100 _a20160822d1993 |||y0rusy50 ca
101 0 _arus
102 _aRU
105 _aac z 000zy
200 0 _aВып. 5
_eпосвящен репрессиям против российских немцев
_fсост.: Т. Тигонен, В. Видерт
_gпод. общ. ред. Т. Тигонен
210 _aСанкт-Петербург
_c[б. и.]
_d1993
215 _a194 с.
_cил., портр.
327 1 _aСодерж.: авт.: архиепю Вологодский и Великоустюжский Михайил (Мудьюгин), Д.Зегсель, М. Давыдова, Р.Линген, В. Видерт, И. Иогансон, А. Гаккель (мл.), М. Немцов, А. Эман, В. Тигонен [и др.]
461 0 _1001rc\348753
_12001#$aУРОКИ гнева и любви$eСб. работ о годах репрессий (с 20-х по 80-е)$fСост. Т. Тигонен$gХудож. С. Лапицкий$vВып. 5
_96576727
_cЛ.
_d1990
_fСост. Т. Тигонен
_nБ. и.
_oСб. работ о годах репрессий (с 20-х по 80-е)
_tУРОКИ гнева и любви
_vВып. 5
606 1 _aРепрессии политические
_jСборники
_yСССР
_z1930 - 1950-ые гг.
_92450076
_3RU\NLR\AUTH\661456794
606 1 _aНемцы
_jСборники
_yСССР
_92248364
_3RU\NLR\AUTH\661348769
686 1 _aТ3(2)7-3я43
686 1 _aТ3(29=Н)7я43
852 _aNLR
_j92-8/676
942 _cBOOK
980 _aNB